Statistics for Countries That Have Had The Most Wars A-Z

Click here to take the quiz!

General Stats

  • This quiz has been taken 40 times
  • The average score is 17 of 24

Answer Stats

LetterCountry% Correct
UUnited Kingdom
95%
FFrance
92%
OOman
89%
QQatar
86%
GGermany
84%
JJapan
81%
RRussia
81%
YYemen
81%
IIndia
78%
ZZimbabwe
78%
DDenmark
76%
VVietnam
76%
AAustria
73%
HHungary
73%
PPoland
68%
TTurkey
68%
EEgypt
62%
SSpain
62%
CCanada
59%
MMexico
57%
BBrazil
54%
NNigeria
54%
KKuwait
51%
LLibya
51%

Score Distribution

Percentile by Number Answered

Percent of People with Each Score

Your Score History

You have not taken this quiz